[Event "Subotica TS03 GM"]
[Site "Subotica"]
[Date "2003.03.30"]
[Round "10"]
[White "Delchev, Aleksander"]
[Black "Markus, Robert"]
[Result "1-0"]
[WhiteElo "2583"]
[BlackElo "2481"]
[Annotator "Ribli,Z"]
[PlyCount "63"]
[EventDate "2003.03.23"]
[EventType "tourn"]
[EventRounds "11"]
[EventCountry "YUG"]
[EventCategory "9"]
[SourceTitle "CBM 095"]
[Source "ChessBase"]
[SourceDate "2003.07.25"]
[SourceVersion "1"]
[SourceVersionDate "2003.07.25"]
[SourceQuality "1"]

1. e4 c5 2. Nf3 e6 3. d4 cxd4 4. Nxd4 Nc6 5. Nc3 Qc7 6. g3 {Die Varianten mit
g2-g3 bieten Weiss gewoehnlich eine sehr solide Stellungen, aber wenig
Hoffnung auf Eroeffnungsvorteil.} a6 7. Bg2 d6 (7... Nf6 8. O-O Nxd4 9. Qxd4
Bc5 {Das waere eine populäre Variante, in der Schwarz gute Ausgleichchancen
hat.}) 8. O-O Bd7 9. Re1 Be7 10. Nxc6 Bxc6 11. Qg4 h5 12. Qe2 {Natuerlich
waere 12.Qxg7?? ganz schlecht wegen 12...Bf6 mit Damenfang.} h4 13. a4 hxg3 14.
hxg3 Nf6 (14... Kf8) 15. Bf4 (15. Be3 Rc8 16. a5 Kf8 $11) 15... Rc8 (15... Nd7
16. a5 Ne5 {1/2-1/2 Romero Holmes,A-Brodsky,M/Wijk aan Zee 1995/CBM 46 (16)}) (
15... O-O 16. Rad1 Rfe8 17. e5 dxe5 18. Bxe5 Qb6 19. Bd4 Qc7 20. Be5 Qb6 21.
Bd4 Qc7 {1/2-1/2 Leko,P-Ionov,S/Oviedo 1993/CBM 38 ext (21)}) 16. Bf3 {Mit
diesem Lauferzug bereitet Weiss Kg2 und Rh1 vor. Nach meiner Meinung hat
Schwarz eine bequeme gleiche Stellung.} (16. Rad1 e5 17. Bg5 Kf8 (17... Qd7 18.
Bxf6 Bxf6 19. b3 Bd8 20. Rd3 Bb6 21. Red1 Rh6 22. R1d2 Bc5 23. Nd1 f5 $13 24.
exf5 Bxg2 25. Kxg2 Qxf5 26. Qf3 Qh3+ 27. Kg1 Qh2+ 28. Kf1 Qh1+ 29. Qxh1 Rxh1+ {
1/2-1/2 Minasian,A-Tregubov,P/Krasnodar 1997/EXT 2000/[Ribli] (37)}) 18. Bf3 g6
19. Bxf6 Bxf6 20. Bg4 Ra8 21. b4 Bg5 22. Qc4 Qe7 23. Kg2 Kg7 {1/2-1/2 Adams,
M-Movsesian,S/Sarajevo 2000/CBM 77 (41)}) 16... Qa5 $5 $11 {[%csl Ga5] Dieser
originelle Damenzug ist gar nicht schlecht. Es ist sonst üblich hier mit 16...
e5 die Zentrumsstellung zu schliessen.} (16... e5 17. Bg5 Kf8) 17. Rab1 {
[%cal Gb2b4,Gb4b5]} (17. Rad1 Qb4 $13) 17... Qc5 $6 (17... d5 $1 18. e5 (18.
exd5 Nxd5 19. Be5 (19. Bd2 Nxc3 20. Bxc3 Qf5) 19... Nxc3 20. Bxc3 Qf5 21. Bxc6+
Rxc6) 18... Nd7 $36 {[%cal Ge7b4,Gb4e1,Gd7b6,Gb6c4,Gb6a4]}) 18. Qd3 Qb4 19. b3
Nd7 $2 {[%cal Gd7c5,Gd7e5]} (19... e5 $11) {[#]} 20. Nd5 $1 {[%mdl 64] Ein
schoenes, aber typysches Springeropfer. Weiss nutzt aus, dass der c6B schlecht
steht.} Bxd5 (20... exd5 21. exd5 $18 {[%csl Rc6][%cal Ge1e8,Rd5c6]}) 21. exd5
Rc3 $2 {Ein ueberfluessiger Zwischenzug - gut, oder schlecht 21...e5 war die
beste Moeglichkeit fuer Schwarz.} (21... e5 22. Bd2 Qc5 23. c4 $36) 22. Qd1 $16
e5 (22... Ne5 23. Bxe5 dxe5 24. dxe6 fxe6 25. Rxe5 $16) 23. Bd2 {[%cal Rd2b4]
Mit diesem Zug gewinnt Weiss die Qualitaet.} Qc5 24. b4 Qc7 25. Bxc3 Qxc3 26.
Qd3 {[%mdl 1024] Weiss hat eine klare Qualitaet mehr, Schwarz hat keine
Kompensation.} Qxd3 (26... Qc7 $142 $5 $16) 27. cxd3 f5 28. Rec1 {[%cal Gc1c8]}
Kd8 29. a5 $1 {[%cal Gb4b5]} Bg5 30. Rc2 Ke7 31. b5 Nc5 32. Rxc5 $1 $18 (32.
Rxc5 $1 dxc5 33. bxa6 (33. d6+ Kxd6 34. Bxb7 axb5 35. a6 Kc7 36. Rxb5 $16)
33... bxa6 34. Rb7+ Kd6 (34... Ke8 35. d6 $18) 35. Rxg7 Bf6 (35... Bd2 36. Rg6+
$18) 36. Ra7 $18) 1-0

[Event "FRA-chT Gp-B"]
[Site "France"]
[Date "2003.04.05"]
[Round "6.1"]
[White "Luther, Thomas"]
[Black "Lutz, Christopher"]
[Result "1/2-1/2"]
[WhiteElo "2575"]
[BlackElo "2640"]
[Annotator "Ribli,Z"]
[PlyCount "50"]
[EventDate "2003.01.31"]
[EventType "team"]
[EventRounds "7"]
[EventCountry "FRA"]
[SourceTitle "CBM 095"]
[Source "ChessBase"]
[SourceDate "2003.07.25"]
[SourceVersion "1"]
[SourceVersionDate "2003.07.25"]
[SourceQuality "1"]
[WhiteTeam "Besancon"]
[BlackTeam "Vandoeuvre"]
[WhiteTeamCountry "FRA"]
[BlackTeamCountry "FRA"]

1. e4 c5 2. Nf3 e6 3. d4 cxd4 4. Nxd4 Nc6 5. Nc3 Qc7 6. f4 {Frueher spielte
Grossmeister Luther praktisch immer die Variante 6.Be2 und 7.0-0.} Nxd4 {
Eine - auf den ersten Blick - weniger logische Fortsetzung. Im folgenden
moechte Schwarz mit a6 und b5 am Damenfluegel aktiv spielen, aber nach
sofortigem 6...a6 erscheint die Variante 7.Nxc6 Qxc6 8.Be2 vorteilhaft fuer
Weiss. Mit dem Textzug moechte Schwarz die exponierte Damestellung auf d4
ausnutzen.} 7. Qxd4 a6 8. a4 {Dieser Zug ist das letzte Wort in dieser
Variante - Weiss verhindert das schwarze Gegenspiel mit b7-b5.} (8. Be3 b5 9.
O-O-O Bb7 $11) 8... Nf6 (8... Ne7 9. Be3 Nc6 (9... d5 10. O-O-O (10. exd5 $1
Nf5 11. Qb6 Qxb6 12. Bxb6 Bb4 13. O-O-O Bxc3 14. bxc3 exd5 15. Rxd5 Be6 16. Re5
$16) 10... Nc6 11. Qb6 Qxb6 12. Bxb6 dxe4 13. Nxe4 Bd7 {1/2-1/2 De Vreugt,
D-Horvath,J/Haarlem 2001/EXT 2002 (29)}) 10. Qb6 Qxb6 11. Bxb6 Bb4 (11... Bd6
12. g3 Bb8 13. O-O-O d6 14. Bg2 Bd7 15. Rhe1 Ne7 16. b3 O-O 17. Bc5 Bc6 18.
Bxd6 Bxd6 19. Rxd6 {1-0 Kuzmin,G-Tunik,G/Alushta 2000/EXT 2001 (47)}) 12. O-O-O
d6 (12... O-O 13. g3 Bxc3 14. bxc3 d5 15. exd5 exd5 16. Bg2 Be6 17. Bxd5 Rfe8
18. Bf3 Rac8 19. a5 {1/2-1/2 Kozlova,O-Cosma,E/Warsaw 1999/EXT 2000 (42)}) 13.
h4 Bd7 14. Rh3 Ne7 15. Rhd3 Bc6 16. Rd4 Bxc3 17. bxc3 O-O 18. a5 d5 19. Bc5
Rfe8 20. Bxe7 Rxe7 21. e5 Bb5 22. c4 dxc4 23. Bxc4 h5 24. Bb3 Kf8 {1/2-1/2
Luther,T-Kotronias,V/Catalan Bay ENG 2003/(24)}) 9. Be3 (9. e5 Bc5 $13 (9...
Ng4 $5 $13)) 9... Ng4 (9... d6 10. Be2 Be7 11. O-O O-O 12. Rad1 (12. a5 Bd7 13.
Bf3 Bc6 14. Rfc1 Rac8 15. Qd3 Nd7 16. Qd2 Bf6 17. Rd1 Be7 {1-0 De Vreugt,
D-Brodsky,M/Wijk aan Zee 1999/CBM 69 (40)}) 12... Nd7 13. Kh1 Re8 14. Bg1 Bf8
15. Bc4 Rb8 16. f5 Ne5 17. Bb3 b5 18. axb5 axb5 19. fxe6 fxe6 20. Ra1 Bd7 21.
Nd5 Qd8 22. Ne3 Kh8 23. Bf2 Qc7 {1/2-1/2 Luther,T-Lautier,J/Germany 2002/EXT
2003 (23)}) 10. Bd2 {Das ist die Abweichung von der Partie Adams, M - Lutz, C,
Köln 2003. Nach meiner persoenlichen Meinung ist diese Fortsetzung keineswegs
besser als der frueher gespielte Zug 10.Qb6.} (10. Qb6 Bd6 11. Qxc7 Bxc7 12.
Bd2 d6 13. Bd3 Bd7 14. a5 Bc6 15. b4 O-O 16. h3 Nf6 17. O-O b5 18. axb6 Bxb6+
19. Kh2 Bd4 20. Rfe1 Rfb8 21. Ra2 h5 22. Nd1 {1/2-1/2 Adams,M-Lutz,C/Cologne
GER 2003/(22)}) 10... Qc5 $1 {[%mdl 32] Nach diesem Zug muss Weiss die Damen
tauschen. Gewoehnlich hat Weiss in der Sizilianischen Verteidigung nach dem
Damentausch weniger Angriffschancen.} 11. Qxc5 Bxc5 $11 {[%cal Gc5g1]} 12. Bd3
(12. Be2 Ne3 {[%cal Re3g2,Re3c2]} 13. Bxe3 Bxe3 14. Rf1 d6 $11) 12... Nf2 13.
Rf1 Nxd3+ 14. cxd3 d6 {Schwarz hat das Lauferpaar und eine bequeme gleiche
Stellung.} 15. a5 {[%cal Gc3a4,Ga4c5]} Bd7 16. Na4 Bb5 (16... Bxa4 17. Rxa4 Ke7
$11) 17. Rf3 (17. Nxc5 dxc5 18. Rf3 (18. Ke2 $2 c4 $17 {[%cal Rb5f1]}) 18...
O-O-O 19. Rc1 $11) 17... Rc8 (17... Ba7 18. Nc3 (18. Be3 Bxe3 19. Rxe3 Rc8 $11
(19... Bxa4 20. Rxa4 Rc8 $11)) 18... Bd7 19. Be3 Bxe3 20. Rxe3 Ke7 $11) 18.
Nxc5 Rxc5 19. Rc1 (19. Bc3 $11) 19... Rxc1+ 20. Bxc1 {[%mdl 4096]} f5 (20...
Kd7 $11 {[%cal Gh8c8,Gc8c1]}) 21. exf5 exf5 22. Bd2 {[%cal Gd2c3,Gc3h8]} Kd7
23. Bc3 Re8+ 24. Kd2 g6 25. Re3 Rxe3 1/2-1/2

[Event "RUS-ch"]
[Site "Elista"]
[Date "1996.??.??"]
[Round "4"]
[White "Dolmatov, Sergey"]
[Black "Beshukov, Sergei"]
[Result "1-0"]
[WhiteElo "2575"]
[BlackElo "2460"]
[Annotator "Ribli,Z"]
[PlyCount "83"]
[EventDate "1996.10.15"]
[EventType "swiss"]
[EventRounds "11"]
[EventCountry "RUS"]
[SourceTitle "CBM 056"]
[Source "ChessBase"]
[SourceDate "1997.02.01"]
[SourceVersion "1"]
[SourceVersionDate "1997.02.01"]
[SourceQuality "1"]

1. e4 c5 2. Nf3 Nc6 3. d4 cxd4 4. Nxd4 e6 5. Nc3 Qc7 6. Be2 a6 7. O-O Nf6 8.
Kh1 Nxd4 {Das ist die "echte" Paulsen-Fortsetzung. Ich möchte anmerken, dass 8.
..d6 oder 8...Be7 mit Übergang zur Scheweninger Variante eine gute -
vielleicht bessere - Möglichkeit für Schwarz ist.Ribli.} 9. Qxd4 Bc5 10. Qd3 b5
$5 (10... h5 11. Bg5 $5 {Kasparov,G-Kengis,E/Riga Tal/1995/CBM47/}) 11. f4 Bb7
12. Bf3 h5 (12... O-O 13. e5 Ne8 14. Bxb7 Qxb7 15. f5 f6 16. Bf4 Be7 17. Rae1
$36 {Ivanchuk,V-Hjartarson,J/New York PCA/EXP47/}) 13. e5 Ng4 14. Bxb7 Qxb7 15.
Ne4 {Das ist noch eine theoretische Stellung.} Be7 (15... Rc8 $5) 16. b3 $5 (
16. h3 Nh6 17. Be3 Nf5 18. Bf2 (18. Bc5 $4 Qxe4 19. Qxe4 Ng3+) 18... h4 19. c3
{Das folgte in der Partie Anand,V-Ivancuk,V,Buenos Aires,1994,CBM44, mit
unklarer Stellung.}) (16. Be3 Rc8 17. Bd4 Nh6 18. c3 Nf5 $13 {Nunn-Zichichi,
1983/84Reggio Emilia/Inf38,(234)/}) 16... Nh6 (16... Rc8 17. Bb2) 17. Bb2 Nf5
18. Qf3 $1 $146 {[#]} (18. Rae1 Rc8 19. Re2 h4 20. Qf3 Qc6 $13 {Dolmatov,
S-Tunik,G/RUS-ch/1995/CBM50/}) 18... Qc6 (18... Rc8 $4 19. Nf6+ $18) 19. Rac1
$1 {Meiner Meinung nach hat Weiß bessere Möglichkeiten. Der schwarze König ist
in der Mitte und Weiß will die Stellung mit c2-c4 öffnen. Schwarz hat auch
einen rückständigen Bauern auf der d-Linie.Ribli.} Rd8 20. c4 $14 bxc4 21. Rxc4
Qb6 22. Ng3 Nh4 (22... Nxg3+ 23. hxg3 g6 $14) 23. Qe2 g6 24. Ra4 Ra8 25. Rd1
Nf5 {Nach diesem Zug hat Schwarz eine neue Schwäche, und zwar seine
Königsstellung, besonders der h-Bauer ist ein Gefahrenpunkt.Aber guter Rat ist
teuer, ich sehe keinen normalen Plan für Schwarz außer zu warten, was kommt.
Ribli.} 26. Nxf5 gxf5 27. Ba3 $1 {Weiß tauscht die einzige gute Figur des
Gegners ab. Schwarz hat nur Löcher in seiner Stellung.Ribli.} Bxa3 28. Rxa3 h4
29. h3 a5 30. Ra4 Rg8 $6 31. Rad4 Ra7 32. Qh5 $1 $18 Qb7 33. R1d2 Qb5 34. Qh7
Qf1+ 35. Kh2 Rg6 36. Qh8+ {Natürlich ist das sofortige Qxh4 auch gut, aber mit
Schach ist es noch stärker.} Ke7 37. Qxh4+ Kf8 38. Qh8+ (38. Rc4 $1) 38... Rg8
(38... Ke7 39. Qh4+ Kf8 40. Rc4 $18) 39. Qh6+ Rg7 40. Rc4 Ra8 41. Rdc2 Re8 42.
Rc8 {Schwarz gab auf, da er mindestens einen Turm verliert.Ribli.} 1-0

[Event "Bundesliga 0405"]
[Site "Germany"]
[Date "2004.12.11"]
[Round "5.8"]
[White "Schmaltz, Roland"]
[Black "Rudolf, Henrik"]
[Result "0-1"]
[WhiteElo "2528"]
[BlackElo "2322"]
[Annotator "Ribli,Z"]
[PlyCount "77"]
[EventDate "2004.11.12"]
[EventType "team-tourn"]
[EventRounds "15"]
[EventCountry "GER"]
[SourceTitle "CBM 105"]
[Source "ChessBase"]
[SourceDate "2005.04.11"]
[SourceVersion "1"]
[SourceVersionDate "2005.04.11"]
[SourceQuality "1"]
[WhiteTeam "Baden Oos"]
[BlackTeam "Neukoelln"]
[WhiteTeamCountry "GER"]
[BlackTeamCountry "GER"]

1. e4 c5 2. Nf3 e6 3. d4 cxd4 4. Nxd4 Nc6 5. Nc3 Qc7 6. f4 {Dieser Zug wird
heutzutage nicht so oft gespielt.} Nxd4 7. Qxd4 a6 8. Be3 (8. a4 $5 {Mit
diesem Zug kann Weiß die Möglichkeit 8...b5 verhindern.}) 8... b5 9. O-O-O (9.
Be2 Bb7 10. O-O Rc8 11. Rad1) 9... Bb7 10. Kb1 (10. e5 Rc8 11. Bd3 Ne7 12. Ne4
Nf5 13. Qb6 Be7 14. g4 d5 15. Nf6+ gxf6 16. gxf5 d4 17. Qxc7 Rxc7 18. Bxd4 Bxh1
19. exf6 Bd6 20. Rxh1 Bxf4+ 21. Kb1 e5 {0-1 Ulibin,M-Lautier,J/Tilburg 1992/
CBM 32 (51)}) (10. Bd3 Rc8 11. Rhe1 Ne7 12. Qb6 Qxb6 13. Bxb6 Ng6 14. g3 Bb4 {
[%cal Gb4e1]} 15. h4 f6 16. h5 Ne7 17. h6 g6 18. g4 Rf8 (18... e5 $5) 19. Re3
Bxc3 20. bxc3 e5 {1/2-1/2 Gross,D-Lutz,C/Leipzig 2002/[Ribli Zoltan] (34)}) (
10. Be2 Rc8 11. Rd2) 10... Rc8 (10... Nf6 11. e5 Nd5 12. Nxd5 Bxd5 13. f5 Rc8
14. Bd3 Qa5 15. b3 Bc5 16. Qf4 Bxe3 17. Qxe3 exf5 18. Bxf5 Be6 19. Bd3 Qb4 {
1/2-1/2 Zlatic,M-Zafirovski,M/Niska Banja 1996/EXT 2002 (25)}) 11. Bd3 (11. Rd2
Nf6 12. e5 Nd5 13. Nxd5 Bxd5 14. Qb6 Qxb6 15. Bxb6 Bc5 16. Bxc5 Rxc5 17. Bd3
Ke7 18. Re1 {1-0 Martinez,C-Marques,V/Sao Paulo 1998/EXT 99 (32) 1-0}) 11...
Nf6 12. e5 {Dieser Zug kommt mit Tempo, aber die Alternative 12.Rhe1 kommt
auch stark in Betracht.} (12. Rhe1 Be7 (12... Bc5 13. Qxc5 Qxc5 14. Bxc5 Rxc5
15. e5 Rxc3 16. bxc3 Nd5 17. Kb2 Nxf4 18. Be4 $14 (18. g3 $14)) 13. e5 Nd5 14.
Nxd5 Bxd5 15. f5 g6 16. f6 Bc5 17. Qh4 Bxe3 18. Rxe3 Qc5 19. Re2 {1-0 Fogarasi,
T-Spassov,L/Budapest 2001/CBM 84 ext (44)}) 12... Ng4 $146 {[%mdl 4]} (12...
Nd5 13. Ne4 (13. Nxd5 Bxd5 $11) 13... Be7 14. Nd6+ Bxd6 15. exd6 Qxd6 16. Qxg7
Qf8 17. Qd4 {[%csl Gd3,Gd4,Ge3]} f5 18. Bf2 (18. Rhe1 Rg8 19. g3 Bc6 20. Bd2
Kf7 21. Be2 Nf6 22. Bc3 Qh6 23. Bd3 Nd5 24. Re5 Nxc3+ 25. Qxc3 d6 26. Ree1 Bf3
27. Qd4 Bxd1 28. Qa7+ Kf6 29. Qd4+ Kf7 30. Qa7+ Kf6 {1/2-1/2 Spasov,
V-Cheparinov,I/Sofia BUL 2004/(30)}) 18... Rg8 19. Qa7 {[%csl Ga7]} Bc6 20. Bc5
Qh6 21. Bd6 Kf7 (21... Rxg2 $5 22. Bxf5 exf5 23. Rhe1+ Kf7 24. Rxd5 Kg8 $14)
22. Rhe1 {1-0 Schmaltz,R-Halkias,S/Fuerth 2002/CBM 91 (44)}) 13. Ne4 Bxe4 (
13... Nxe3 14. Qxe3 Bd5) 14. Bxe4 (14. Qxe4 Nxe3 15. Qxe3 $14) 14... Bc5 {
Dieser Zug führt zu Vereinfachungen, aber Weiß kann seinen positionellen Druck
halten.} 15. Qxc5 Qxc5 16. Bxc5 Rxc5 17. Rd6 $14 {[%csl Ra6,Gd6][%cal Rd6a6]
Nach Vereinfachungen haben wir eine Stellung, in der Weiß positionelle Druck
hat - sein d6R steht stark, der a6P ist eine Schwäche in der schwarzen
Stellung.} Rc4 (17... Nf2 18. Rxa6 Ke7 19. Re1 Rc4 $13) 18. Re1 (18. Rxa6 Ke7 (
18... Rxe4 19. Ra8+ Ke7 20. Rxh8 $18) 19. Re1 Nf2 20. Bf3 Rxf4 21. Re2 Ng4 $13
(21... Nh3)) 18... f5 (18... Ke7 19. b3 Rc3 20. Rxa6 $16) 19. exf6 $6 (19. Rxa6
$1 Ke7 (19... Ra4 20. Rxa4 bxa4 21. h3 $16) 20. Bd3 Rxf4 21. h3 Nf2 22. Bxb5
$16) 19... Nxf6 $132 {[%csl Gc4][%cal Rc4f4]} 20. Rxa6 Ke7 {[%csl Ge7][%mdl
4096] Schwarz hat zeitweilig einen Bauern weniger, aber gewinnt den Bauern
zurück und bekommt so gutes Gegenspiel.} 21. Bd3 Rxf4 22. Bxb5 Rf2 23. Ra7 $6 (
23. Bf1 Rc8 $36) (23. Rg1 Rc8 24. Bd3 Rc5 $132) 23... Rxg2 24. Rd1 Rd8 25. a4
Rxh2 26. Rb7 g5 {[%csl Gg5]} 27. a5 g4 $17 {[%csl Rb5] Der schwarze g-Bauer
ist schneller als der weiße a-Freibauer und das ist auch wichtig; der b5B
steht weit vom Hauptkriegsschauplatz.} 28. a6 g3 29. Rg1 (29. a7 g2 30. Bc6 Nd5
31. Rxd7+ (31. Bxd5 exd5 32. Re1+ Kd6 33. Rb8 Rh1 $19) 31... Rxd7 32. a8=Q Nc3+
33. bxc3 Rxd1+ 34. Kb2 g1=Q $19) 29... g2 30. Ka2 (30. Bc6 Nd5 31. Bxd5 exd5
32. Rb3 Rf8 33. Ka2 Ra8 34. Rg3 Rxa6+ 35. Kb3 Rg6 36. Rxg6 hxg6 37. Kc3 Kd6 38.
Kd4 g5 $17) 30... Ra8 31. a7 Kd6 32. b4 h5 33. Ba4 h4 34. b5 h3 $19 {[%csl Gg2,
Gh3]} 35. Rd1+ Ke5 (35... Kc5 $19) 36. b6 Rh1 37. Rc7 Rxd1 38. b7 Ra1+ $1 (
38... Rxa7 39. b8=Q Rxa4+ 40. Kb2 Rb1+ 41. Kxb1 g1=Q+ $19) 39. Kb2 (39. Kxa1
g1=Q+ $19) (39. Kb2 g1=Q $19) 0-1

[Event "RUS-ch"]
[Site "Elista"]
[Date "1996.??.??"]
[Round "6"]
[White "Landa, Konstantin"]
[Black "Beshukov, Sergei"]
[Result "0-1"]
[WhiteElo "2570"]
[BlackElo "2460"]
[Annotator "Ribli,Z"]
[PlyCount "78"]
[EventDate "1996.10.15"]
[EventType "swiss"]
[EventRounds "11"]
[EventCountry "RUS"]
[SourceTitle "CBM 056"]
[Source "ChessBase"]
[SourceDate "1997.02.01"]
[SourceVersion "1"]
[SourceVersionDate "1997.02.01"]
[SourceQuality "1"]

1. e4 c5 2. Nf3 e6 3. Nc3 a6 4. d4 cxd4 5. Nxd4 Nc6 6. Be2 Qc7 7. O-O Nf6 8.
Kh1 Nxd4 9. Qxd4 Bc5 10. Qd3 b5 11. f4 Bb7 12. Bf3 h5 13. e5 Ng4 14. Bxb7 Qxb7
15. Ne4 Rc8 $5 {Die Theorie empfiehlt diesen Zug seit Jahren. Ich bin der
Meinung, daß die ganze Variante ein bißchen gefährlich für Schwarz ist. Er muß
sehr vorsichtig sein, um die Position zu halten.Ribli.} 16. Bd2 (16. b3) (16.
a4) 16... Be7 (16... O-O 17. Nxc5 (17. f5 Nxe5 18. Qe2 $40) 17... Rxc5 18. Bb4
Rd5 19. Qh3 Rc8 20. Qxh5 Ne3 21. Rf3 $40) 17. a3 (17. a4 bxa4 18. Rxa4 Qxb2) (
17. Rae1 Qc6 $13 {Sigurjansson,G-Fedorowicz,J/Nordic-USA/1986/}) 17... Qc6 18.
Bb4 f5 (18... Qxc2 19. Nd6+ Bxd6 (19... Kf8 20. Qd4 $40) 20. Qxd6 $18) 19. exf6
(19. Nd6+ Bxd6 20. Bxd6 Qxc2 $13) 19... gxf6 20. Bxe7 Kxe7 21. Rad1 f5 {
Schwarze Koenig steht in der Mitte, aber Weiss hat keine echten
Angriffschancen. Andererseits kontrolliert Schwarz wichtige Punkte sowie die
große Diagonale und die c-Linie.Ribli.} 22. Nd6 Rcg8 23. Rf3 h4 {Jetzt droht
24...h3 25.Rxh3 Rxh3 26.Qxh3 Nf2.} 24. Rd2 Nf6 25. Qe3 (25. h3 Nh5) (25. Qc3
Qxc3 26. Rxc3 Nd5) 25... Rh5 26. Qc3 {Das ist erzwungen, sonst kommt 26...Nd5,
und der weiße Springer ist in großer Not.Ribli.} Qxc3 27. Rxc3 (27. bxc3 Nd5 (
27... Ne4 $5 28. Nxe4 fxe4 29. Re3 d5) 28. c4 bxc4 29. Nxc4) 27... Nd5 28. Nc8+
Kf6 29. Rc5 Nxf4 (29... Rhh8 30. Nd6 Ke7 $2 31. Nxf5+) 30. Nb6 d5 31. Rf2 Ng6
32. a4 Ne5 33. Re2 (33. axb5 Rb8 34. Na4 axb5) 33... Rh7 {Dieser Zug
verteidigt die Stellung gegen das eventuelle Nd7 und aktiviert zugleich den
Turm auf der 7ten Reihe.Ribli.} 34. b3 (34. axb5 Rb7 35. Na4 axb5) 34... Rb8
35. a5 Rg7 36. h3 Rd8 (36... b4 37. c4 (37. Nc4 $2 dxc4 $2 (37... Nd7 $1 38.
Rc6 dxc4 39. Rcxe6+ Kg5) 38. Rcxe5) 37... bxc3 38. Rxc3) 37. c4 bxc4 38. Nxc4 (
38. bxc4 Nxc4 39. Nxc4 dxc4 40. Rxc4 {Führt zur Partiestellung.}) 38... Nxc4
39. bxc4 dxc4 {Nach 40.Rxc4 hängt h4, und Weiß droht 41.Rc6 - mit
Doppeldrohung auf e6 und a6. Ich denke, daß Weiß die Zeit überschritt und die
Partie deshalb 0:1 endete.Ribli.} 0-1

[Event "Olympiad-32"]
[Site "Yerevan"]
[Date "1996.09.26"]
[Round "10.1"]
[White "Rogers, Ian"]
[Black "Godena, Michele"]
[Result "1-0"]
[WhiteElo "2575"]
[BlackElo "2550"]
[Annotator "Rogers,I"]
[PlyCount "55"]
[EventDate "1996.09.15"]
[EventType "team-swiss"]
[EventRounds "14"]
[EventCountry "ARM"]
[SourceTitle "CBM 055"]
[Source "ChessBase"]
[SourceDate "1996.12.01"]
[SourceVersion "1"]
[SourceVersionDate "1996.12.01"]
[SourceQuality "1"]
[WhiteTeam "Australia"]
[BlackTeam "Italy"]
[WhiteTeamCountry "AUS"]
[BlackTeamCountry "ITA"]

1. e4 c5 2. Nf3 e6 3. d4 cxd4 4. Nxd4 Nc6 5. Nc3 Qc7 6. Be2 a6 7. O-O Nf6 {
Godena is almost exclusively an 1.e4 e5 player, so I became rather suspicious
when he blitzed out this sharp system of the Sicilian.} 8. Kh1 ({I normally
play} 8. Be3 {here but had noticed a spectacular Shirov win with 8.Kh1 a few
rounds earlier in the Olympiad and decided to give it a try.}) 8... Bb4 {
Played after half an hour's thought.} ({Not being a main line Scheveningen
Sicilian player, Godena did not want to play the 'normal'} 8... d6 {and so
commits himself to a risky line, trusting that he can work out the problems
over the board.}) 9. Nxc6 dxc6 $6 {This is really asking for trouble.} ({
Black should recapture with the b pawn and answer} 9... bxc6 10. f4 {with} d5)
10. f4 e5 ({The only consistent move, since} 10... Bxc3 11. bxc3 Nxe4 12. Qd4
f5 (12... Nf6 13. Ba3) 13. Bh5+ {is horrible}) ({and} 10... O-O {gives White a
clear positional advantage after} 11. e5) 11. fxe5 Bxc3 ({On the immediate} 
11... Qxe5 {White can continue} 12. Bf4 Qe6 13. e5 {intending to meet} Bxc3 $2
{with} 14. exf6) 12. bxc3 Qxe5 13. Bf4 Qe6 (13... Qxc3 {is not so easy to
refute but after} 14. Rf3 Qa5 {both} 15. Qd6 ({and} 15. Rg3 $5 {look very
promising for White.})) 14. Bg5 $1 O-O ({Black must allow his kingside pawns
to be shattered since} 14... Nd7 15. Bg4 Qg6 16. h4 $1 {leaves Black's queen
in all sorts of bother.}) 15. Bxf6 gxf6 16. Qd4 Kg7 17. Rf4 Qe5 18. Raf1 c5 19.
Qf2 (19. Qe3 {was probably even stronger.}) 19... Be6 20. Rh4 $1 Rg8 21. Rh5
Qxc3 22. Rxc5 Qb2 23. Bd3 Kh8 24. Rh5 Rg7 $2 ({Already short of time, Godena
misses} 24... Rg5 $1 {giving the e5 square for Black's queen. White has
nothing better than} 25. Rxg5 fxg5 26. Qg3 Rg8 27. e5 {when the win is a long
way off.}) 25. Qh4 Rc8 26. h3 Kg8 27. Rxf6 {Finally deigning to pick up the f6
pawn. With only a few seconds left on the clock and his position a shambles,
Godena suicides.} Bxh3 $2 28. Qxh3 1-0